| 000 | 00368 a2200157 4500 | ||
|---|---|---|---|
| 001 | 152448 | ||
| 040 | _cEscola São Tomás de Aquino | ||
| 100 | _aANDRADE, Janilto | ||
| 240 | 1 | 0 |
_aQuando o verde não é poético... _lpor |
| 245 | 1 | 0 | _aQuando o verde não é poético... |
| 300 | _a134 | ||
| 362 | 0 | _a1995 | |
| 440 | 1 | _aBagaço | |
| 697 | _aPoesia | ||
| 942 | _cBK | ||
| 999 |
_c152448 _d152448 |
||